MARC

LEADER 00000nas a2200000 a 4500
001 ssj0000927
003 WaSeSS
005 20200512172242.0
006 m d
007 cr n
008 980619c19829999paubr pss 0 a0eng c
010 |a  2002212774 
015 |a GBB578749  |2 bnb 
016 7 |a 2068591 9  |2 DE-600 
016 7 |a 016289380  |2 Uk 
022 |a 1542-538X  |l 0744-6020  |y 0744-6020 
035 |a (WaSeSS)ssj0000927 
037 |b Lippincott Williams & Wilkins, 16522 Hunters Green Parkway, Hagerstown, MD 21740 
040 |a FQM  |b eng  |e pn  |c FQM  |d OCLCQ  |d NSD  |d UV$  |d OCLCQ  |d DLC  |d OCLCQ  |d MYG  |d OCLCQ  |d OCLCO  |d BUF  |d OCLCQ  |d NLE  |d OCLCF  |d VNS  |d AU@  |d OCLCO  |d WYU  |d UKMGB  |d VT2  |d LEAUB  |d SFB  |d CNMTR  |d WaSeSS 
042 |a pcc  |a nsdp 
082 1 0 |a 610  |2 11 
130 0 |a Orthopedic nursing (Online) 
210 0 |a Orthop. nurs.  |b (Online) 
222 0 |a Orthopedic nursing  |b (Online) 
245 1 0 |a Orthopedic nursing  |h [electronic resource]. 
246 3 |a Orthopaedic nursing 
260 |a Pitman, NJ :  |b National Association of Orthopedic Nurses 
260 3 |3 <2003>- :  |a [Philadelphia, Pa.] :  |b Lippincott Williams & Wilkins 
310 |a Bimonthly 
362 1 |a Print began in 1982. 
506 |a License restrictions may limit access. 
538 |a Mode of access: World Wide Web. 
550 |a Official journal of the National Association of Orthopaedic Nurses. 
588 |a Description based on print version record. 
588 |a Latest issue consulted: Vol. 32, no. 5 (Sept./Oct. 2013) (LWW, viewed Oct. 28, 2013). 
650 0 |a Orthopedics  |x Nursing  |v Periodicals. 
650 2 |a Orthopedic Nursing  |v Periodicals. 
655 0 |a Electronic journals. 
710 2 |a National Association of Orthopedic Nurses (U.S.) 
710 2 |a National Association of Orthopaedic Nurses (U.S.) 
776 0 8 |i Print version:  |t Orthopedic nursing  |x 0744-6020  |w (DLC)sc 82007309  |w (OCoLC)8424301 
856 4 0 |z Full text available from Research Library: 01/01/1998 to 03/31/2012  |u https://search.proquest.com/publication/30786